[Event "Jm KP I 23-24 Lipovec - Rudice"]
[Site "?"]
[Date "2023.10.22"]
[Round "4.7"]
[White "Sevcik, David"]
[Black "Nejezchleb, Drahos"]
[Result "1/2-1/2"]
[WhiteElo "2010"]
[BlackElo "1879"]
[PlyCount "34"]

1. Nf3 Nf6 2. g3 g6 3. Bg2 Bg7 4. O-O d5 5. c4 c6 6. cxd5 cxd5 7. d4 O-O 8. Nc3
a6 9. Ne5 e6 10. b3 b6 11. Ba3 Re8 12. Rc1 Bb7 13. Na4 Nbd7 14. Bd6 Rc8 15.
Rxc8 Qxc8 16. Qc1 Bf8 17. Bxf8 Kxf8 1/2-1/2

[Event "Jm KP I 23-24 Univerzita B - Hodonin"]
[Site "?"]
[Date "2023.10.22"]
[Round "5.1"]
[White "Gajdos, Daniel"]
[Black "Havelka, Ondrej"]
[Result "1-0"]
[WhiteElo "2089"]
[BlackElo "2145"]
[PlyCount "89"]

1. Nf3 d5 2. g3 c5 3. Bg2 Nf6 4. O-O Nc6 5. d4 e6 6. c4 Be7 7. cxd5 exd5 8. Nc3
O-O 9. Bg5 Re8 10. dxc5 d4 11. Bxf6 Bxf6 12. Nb5 Be6 13. Nd6 Re7 14. Nd2 Qc7
15. N2e4 Rd8 16. Nxf6+ gxf6 17. Qd2 Bg4 18. Qh6 Rxd6 19. cxd6 Qxd6 20. Bxc6
bxc6 21. f3 d3 22. fxg4 Qd4+ 23. e3 Rxe3 24. Rf2 d2 25. Kg2 Qd5+ 26. Kh3 Re1
27. Rxd2 Rxa1 28. Rxd5 cxd5 29. Qxf6 Rxa2 30. Qd8+ Kg7 31. Qxd5 Ra6 32. Qe5+
Kg8 33. Qg5+ Kf8 34. Qd8+ Kg7 35. Qd4+ Kg8 36. g5 Rb6 37. b4 h6 38. Qxb6 axb6
39. gxh6 Kh7 40. Kg4 Kxh6 41. Kf5 Kg7 42. h4 b5 43. g4 f6 44. Ke6 Kg6 45. Kd5
1-0

[Event "Jm KP I 23-24 Univerzita B - Hodonin"]
[Site "?"]
[Date "2023.10.22"]
[Round "5.2"]
[White "Kladnak, Martin"]
[Black "Ibrahim, Emad Eldin"]
[Result "1-0"]
[WhiteElo "2013"]
[BlackElo "2010"]
[PlyCount "110"]

1. e4 c5 2. Nc3 g6 3. d4 cxd4 4. Qxd4 Nf6 5. Bb5 Nc6 6. Bxc6 dxc6 7. Qxd8+ Kxd8
8. Bf4 Bg4 9. h3 Be6 10. Nf3 Nh5 11. O-O-O+ Ke8 12. Be3 f6 13. Rd2 g5 14. Ne2
Bc4 15. e5 Bd5 16. Ned4 fxe5 17. Nxe5 Bg7 18. Nef3 h6 19. Re1 Bf6 20. Nf5 b6
21. Bd4 Rh7 22. c4 Bxf3 23. gxf3 Bxd4 24. Rxd4 Nf4 25. h4 Rd8 26. Rxd8+ Kxd8
27. Kc2 e6 28. Nd4 Kd7 29. Rh1 e5 30. Nf5 Ke6 31. Ne3 gxh4 32. Rxh4 h5 33. Rh1
h4 34. Ng4 h3 35. Re1 Rh5 36. Kd2 Ng2 37. Rh1 Kf5 38. Ne3+ Kf4 39. Ke2 Nxe3 40.
fxe3+ Kg3 41. Rg1+ Kh2 42. Rg4 b5 43. Kf2 Rh7 44. cxb5 cxb5 45. f4 e4 46. f5
Rc7 47. f6 Rc2+ 48. Ke1 Rg2 49. Rf4 Kg3 50. f7 h2 51. Rf1 Rg1 52. f8=Q h1=Q 53.
Qf4+ Kh3 54. Qh6+ Kg2 55. Qg5+ Kh3 1-0

[Event "Jm KP I 23-24 Univerzita B - Hodonin"]
[Site "?"]
[Date "2023.10.22"]
[Round "5.3"]
[White "Moulis, Mojmir"]
[Black "Travnicek, Petr"]
[Result "0-1"]
[WhiteElo "2063"]
[BlackElo "2064"]
[PlyCount "74"]

1. e4 c5 2. Nf3 Nc6 3. d4 cxd4 4. Nxd4 Nf6 5. Nc3 e5 6. Ndb5 d6 7. a4 a6 8. Na3
Be7 9. Bc4 Bg4 10. f3 Be6 11. Be3 O-O 12. O-O Nb4 13. Qe2 d5 14. exd5 Nbxd5 15.
Nxd5 Bxd5 16. Rfd1 Bxc4 17. Nxc4 Qc7 18. Bf2 Bc5 19. b3 Rfe8 20. Bxc5 Qxc5+ 21.
Qf2 Qxf2+ 22. Kxf2 Rac8 23. Rac1 Rc7 24. Nd6 Rd8 25. c4 Rcd7 26. c5 Ne8 27. Ke3
f6 28. Ke4 Kf8 29. Rd3 Nxd6+ 30. cxd6 Rxd6 31. Rxd6 Rxd6 32. Rc7 Rb6 33. Rc3
Rc6 34. Rd3 Ke7 35. g4 Rd6 36. Rc3 Ke6 37. h4 g6 0-1

[Event "Jm KP I 23-24 Univerzita B - Hodonin"]
[Site "?"]
[Date "2023.10.22"]
[Round "5.4"]
[White "Skocik, Marek"]
[Black "Bakos, Eduard"]
[Result "1/2-1/2"]
[WhiteElo "1914"]
[BlackElo "2062"]
[PlyCount "75"]

1. d4 Nf6 2. Bf4 d5 3. e3 c5 4. c3 Nc6 5. Nd2 cxd4 6. exd4 Bf5 7. Ngf3 e6 8.
Qb3 Qb6 9. Nh4 Bg6 10. Nxg6 hxg6 11. h3 Qxb3 12. axb3 Nh5 13. Bh2 Kd7 14. b4
Bd6 15. Bxd6 Kxd6 16. b5 Ne7 17. g3 f5 18. Nf3 Nf6 19. Ne5 Rhf8 20. Bd3 Nd7 21.
Nf3 e5 22. dxe5+ Nxe5 23. Nxe5 Kxe5 24. Kd2 Rfd8 25. Ra5 b6 26. Ra4 Rd7 27.
Re1+ Kf6 28. Bf1 Rc8 29. Kd3 g5 30. Kd4 Rcc7 31. Re2 f4 32. g4 Rd8 33. Bg2 Rd6
34. Bf3 Re6 35. Rxe6+ Kxe6 36. Be2 Kd6 37. Bd3 Ng8 38. b3 1/2-1/2

[Event "Jm KP I 23-24 Univerzita B - Hodonin"]
[Site "?"]
[Date "2023.10.22"]
[Round "5.5"]
[White "Hladik, Josef"]
[Black "Vlcko, Tomas"]
[Result "1-0"]
[WhiteElo "2014"]
[BlackElo "1856"]
[PlyCount "81"]

1. d4 d5 2. Nf3 Nf6 3. e3 e6 4. Bd3 c5 5. b3 Nc6 6. Bb2 Bd7 7. O-O Bd6 8. Nbd2
cxd4 9. exd4 Nb4 10. Be2 Rc8 11. c3 Nc6 12. Bd3 O-O 13. Re1 Qc7 14. Qe2 Rfe8
15. Ne5 Bf8 16. f4 g6 17. Rf1 Ne7 18. Ndf3 h6 19. g4 Red8 20. h4 h5 21. Ng5 Be8
22. f5 Nxg4 23. fxg6 f5 24. Nxe6 Qd6 25. Nxd8 Rxd8 26. Bxf5 Nxg6 27. Bxg4 Nxe5
28. Qxe5 Qxe5 29. dxe5 hxg4 30. Rf4 Bd7 31. Kg2 Bh6 32. Rd4 Be3 33. Rd3 Bf4 34.
Re1 d4 35. Rxd4 Bc6+ 36. Kg1 Rf8 37. Bc1 Bh2+ 38. Kxh2 Rf2+ 39. Kg3 Rg2+ 40.
Kf4 Rf2+ 41. Kxg4 1-0

[Event "Jm KP I 23-24 Univerzita B - Hodonin"]
[Site "?"]
[Date "2023.10.22"]
[Round "5.6"]
[White "Taptic, Filip"]
[Black "Uhmann, Jan"]
[Result "0-1"]
[WhiteElo "1842"]
[BlackElo "1951"]
[PlyCount "50"]

1. e4 e5 2. f4 exf4 3. Nf3 Nc6 4. d4 g5 5. d5 Nce7 6. Nxg5 Ng6 7. Nf3 Nf6 8.
Nc3 Bc5 9. Bd3 Ng4 10. Qe2 Bf2+ 11. Kd1 Bc5 12. Rf1 a6 13. Na4 Ba7 14. h3 Ne3+
15. Bxe3 Bxe3 16. c4 b5 17. cxb5 axb5 18. Bxb5 c6 19. Bc4 Rxa4 20. b3 Ra7 21.
Qb2 O-O 22. Ke2 cxd5 23. exd5 Ba6 24. Rfe1 Bxc4+ 25. bxc4 Qc7 0-1

[Event "Jm KP I 23-24 Univerzita B - Hodonin"]
[Site "?"]
[Date "2023.10.22"]
[Round "5.7"]
[White "Riha, Otmar"]
[Black "Ling, Bronislav"]
[Result "0-1"]
[WhiteElo "1937"]
[BlackElo "1754"]
[PlyCount "92"]

1. e4 c5 2. a3 Nf6 3. e5 Nd5 4. Nf3 Nc6 5. Bb5 g6 6. O-O Bg7 7. Re1 O-O 8. c3
d6 9. Bxc6 bxc6 10. d4 cxd4 11. cxd4 Qc7 12. h3 h6 13. Nc3 Nxc3 14. bxc3 Be6
15. Bf4 Rab8 16. Qd2 Kh7 17. Reb1 Bf5 18. Re1 Rb3 19. g4 Be6 20. Reb1 Rfb8 21.
Qc1 Qd7 22. Nd2 Rxb1 23. Rxb1 Rxb1 24. Nxb1 dxe5 25. Bxe5 Bxe5 26. dxe5 Qd3 27.
Qf1 Qc2 28. Qe1 Ba2 29. Nd2 Qxc3 30. Qe3 Qc1+ 31. Kh2 Bd5 32. f3 Bxf3 33. Qxf3
Qxd2+ 34. Kg3 Qd5 35. Qe3 a5 36. a4 Qc4 37. Qf4 Qb3+ 38. Kg2 Kg7 39. h4 Qb4 40.
Kf3 Qxf4+ 41. Kxf4 Kf8 42. e6 fxe6 43. Ke5 c5 44. Ke4 Ke8 45. Kd3 Kd7 46. Kc4
Kc6 0-1

[Event "Jm KP I 23-24 Univerzita B - Hodonin"]
[Site "?"]
[Date "2023.10.22"]
[Round "5.8"]
[White "Cerulik, Lukas"]
[Black "Sebek, Jan"]
[Result "1/2-1/2"]
[WhiteElo "1492"]
[BlackElo "1891"]
[PlyCount "118"]

1. d4 Nf6 2. Bf4 g6 3. Nc3 Bg7 4. e4 d6 5. Qd2 O-O 6. Bh6 a6 7. Bxg7 Kxg7 8.
Bd3 b5 9. Nf3 Nbd7 10. e5 dxe5 11. dxe5 Ng4 12. Qf4 Nc5 13. Rd1 Nxd3+ 14. Rxd3
Qe8 15. h3 Nh6 16. Nd5 Ra7 17. O-O Ng8 18. Rfd1 c5 19. Ng5 Bf5 20. Ne4 Qc6 21.
g4 Bxe4 22. Qxe4 c4 23. R3d2 Rd7 24. Nc3 Qxe4 25. Nxe4 Rc7 26. Rd7 Rfc8 27. c3
h6 28. Rxc7 Rxc7 29. Rd8 f5 30. gxf5 gxf5 31. Ng3 Rc5 32. f4 e6 33. Ne2 Rd5 34.
Rxd5 exd5 35. Nd4 Ne7 36. Ne6+ Kg6 37. Nc7 b4 38. cxb4 d4 39. Kf2 Kh5 40. Nxa6
Nd5 41. e6 Kg6 42. Nc5 Nxb4 43. a4 c3 44. bxc3 dxc3 45. Ke2 Kf6 46. a5 Nd5 47.
a6 Nxf4+ 48. Kd1 Nd5 49. a7 Nc7 50. Kc2 f4 51. Kxc3 Nb5+ 52. Kd3 Nxa7 53. Ke4
Nc6 54. Kxf4 Nd4 55. Kg4 Nxe6 56. Nxe6 Kxe6 57. Kh5 Kf7 58. Kxh6 Kg8 59. Kh5
Kh7 1/2-1/2

[Event "Jm KP I 23-24 Kurim A - Kurim B"]
[Site "?"]
[Date "2023.10.22"]
[Round "6.1"]
[White "Tajovsky, Martin"]
[Black "Soucek, Andrej"]
[Result "1-0"]
[WhiteElo "2212"]
[BlackElo "1871"]
[PlyCount "75"]

1. d4 d5 2. c4 e6 3. Nc3 Nf6 4. Nf3 Bb4 5. Qa4+ Nc6 6. Ne5 O-O 7. Nxc6 Bxc3+ 8.
bxc3 bxc6 9. Bg5 Bd7 10. Qa3 h6 11. Bh4 g5 12. Bg3 Ne4 13. e3 Re8 14. Bd3 Nxg3
15. hxg3 Qf6 16. Qa5 e5 17. Rd1 exd4 18. cxd4 Bg4 19. Rd2 Kg7 20. O-O Re7 21.
cxd5 cxd5 22. Qxd5 Rh8 23. Rc2 h5 24. Rc5 Kh6 25. Bf5 Bxf5 26. Qxf5 Qxf5 27.
Rxf5 Rb8 28. Rf6+ Kg7 29. Ra6 Rb7 30. Rc1 Re6 31. Ra5 f6 32. Rac5 Re7 33. Kf1
Kf7 34. R1c2 Rd7 35. Ke2 Ke7 36. Kd3 h4 37. gxh4 gxh4 38. Rh5 1-0

[Event "Jm KP I 23-24 Kurim A - Kurim B"]
[Site "Kurim A- Kurim B"]
[Date "2023.10.22"]
[Round "6.2"]
[White "Dumkova, Daniela"]
[Black "Majer, Jiri"]
[Result "0-1"]
[WhiteElo "1902"]
[BlackElo "2203"]
[PlyCount "62"]

1. d4 Nf6 2. c4 g6 3. Nf3 Bg7 4. g3 O-O 5. Bg2 d6 6. O-O Nbd7 7. b3 c5 8. Bb2
Rb8 9. Nc3 a6 10. Qc2 b5 11. cxb5 axb5 12. Rad1 Bb7 13. dxc5 Nxc5 14. b4 Ne6
15. Qd3 Qb6 16. Bc1 Rfc8 17. e4 Rc4 18. Be3 Qa6 19. Nd4 Nxd4 20. Bxd4 Rxd4 21.
Qxd4 Nxe4 22. Qe3 Nxc3 23. Rd2 Bxg2 24. Kxg2 Qb7+ 25. f3 d5 26. h4 d4 27. Qd3
Nd5 28. Rb1 Rc8 29. Rb3 Rc1 30. Rf2 Ne3+ 31. Kh2 Ng4+ 0-1

[Event "Jm KP I 23-24 Kurim A - Kurim B"]
[Site "Kurim"]
[Date "2023.10.22"]
[Round "6.3"]
[White "Nemec, David"]
[Black "Bocek, Tadeas"]
[Result "1/2-1/2"]
[WhiteElo "2047"]
[BlackElo "1833"]
[PlyCount "56"]

1. e4 c5 2. c3 d5 3. exd5 Qxd5 4. d4 Nc6 5. Nf3 Bg4 6. Be2 Nf6 7. O-O e6 8. h3
Bh5 9. Be3 cxd4 10. cxd4 Be7 11. Nc3 Qa5 12. a3 O-O 13. b4 Qd8 14. Qb3 Bxf3 15.
Bxf3 Nxd4 16. Bxd4 Qxd4 17. Rfd1 Qe5 18. Bxb7 Rab8 19. Bf3 Rfc8 20. Rac1 h5 21.
Re1 Qg5 22. Rcd1 a5 23. Rd4 axb4 24. axb4 Bc5 25. Ne4 Nxe4 26. Rdxe4 Qd2 27.
R1e2 Qc1+ 28. Re1 Qd2 1/2-1/2

[Event "Jm KP I 23-24 Kurim A - Kurim B"]
[Site "?"]
[Date "2023.10.22"]
[Round "6.4"]
[White "Pesl, Jan"]
[Black "Setina, Vaclav"]
[Result "0-1"]
[WhiteElo "1800"]
[BlackElo "1910"]
[PlyCount "74"]

1. e4 c5 2. Nc3 Nc6 3. f4 g6 4. Nf3 Bg7 5. Bb5 Nd4 6. O-O Nxb5 7. Nxb5 Nf6 8.
e5 Nd5 9. c4 Nc7 10. Nc3 O-O 11. d3 d6 12. Be3 b6 13. Qd2 Bb7 14. exd6 Qxd6 15.
Rad1 Rad8 16. Qf2 Ne6 17. Ng5 Nd4 18. Nge4 Qc6 19. Nd5 Qd7 20. Ndc3 Nf5 21. Kh1
Nxe3 22. Qxe3 Qd4 23. Qe2 Rd7 24. f5 (24. Rd2 Rfd8 25. Nb5 Qxe4) 24... Rfd8 25.
fxg6 hxg6 26. Rf4 f5 27. Ng5 Qxf4 28. Qe6+ Kh8 29. Qxg6 Qh4 30. Nf7+ Kg8 31.
Nxd8 Rxd8 32. Qxf5 Bc8 33. Qg6 Qg4 34. Qxg4 Bxg4 35. Re1 Bxc3 36. bxc3 Rxd3 37.
h3 Rd1 0-1

[Event "Jm KP I 23-24 Kurim A - Kurim B"]
[Site "Kurim "]
[Date "2023.10.22"]
[Round "6.5"]
[White "Pavlik, Vladimir"]
[Black "Matula, Pavel"]
[Result "1-0"]
[WhiteElo "1971"]
[BlackElo "1746"]
[PlyCount "51"]

1. e4 c5 2. c3 d5 3. exd5 Qxd5 4. d4 Nf6 5. Nf3 Bg4 6. Be2 e6 7. h3 Bh5 8. Be3
Nc6 9. O-O Be7 10. dxc5 O-O 11. b4 Rfd8 12. Nbd2 Ne5 13. g4 Bg6 14. c4 Nxf3+
15. Bxf3 Qe5 16. Bxb7 Rab8 17. Qf3 Rd3 18. Bf4 Qc3 19. Bxb8 Rxf3 20. Nxf3 Qxb4
21. c6 Be4 22. Ne5 Bd6 23. Rfd1 Bxc6 24. Rab1 Qxb1 25. Rxb1 Bxb8 26. Nxc6 1-0

[Event "Jm KP I 23-24 Kurim A - Kurim B"]
[Site "Kurim "]
[Date "2023.10.22"]
[Round "6.6"]
[White "Hrdina, Jiri"]
[Black "Petricek, Lukas"]
[Result "0-1"]
[WhiteElo "1640"]
[BlackElo "2049"]
[PlyCount "70"]

1. d4 Nf6 2. Bf4 d5 3. e3 e6 4. c3 Bd6 5. Bg3 b6 6. Nd2 Bb7 7. Ngf3 O-O 8. Bd3
Qe7 9. Qe2 Nbd7 10. Ne5 Ne4 11. Bxe4 dxe4 12. Nxd7 Qxd7 13. Qg4 Qb5 14. Nb3 Bd5
15. Qe2 Bc4 16. Qc2 Bd3 17. Qd2 Bxg3 18. hxg3 c5 19. Nc1 cxd4 20. exd4 e5 21.
Nxd3 exd3 22. Rh5 f5 23. O-O-O g6 24. Rh4 e4 25. Rdh1 Rf7 26. b3 Qd5 27. Re1
Rc8 28. Kb2 b5 29. Qe3 Rd7 30. f3 b4 31. Rc1 bxc3+ 32. Rxc3 Rxc3 33. Kxc3 Qa5+
34. Kb2 Rc7 35. a4 Qb4 0-1

[Event "Jm KP I 23-24 Kurim A - Kurim B"]
[Site "Kurim"]
[Date "2023.10.22"]
[Round "6.7"]
[White "Pokorny, Petr"]
[Black "Snasel, Michal"]
[Result "1-0"]
[WhiteElo "2120"]
[BlackElo "1622"]
[PlyCount "53"]

1. d4 d6 2. Nf3 Nf6 3. c4 Nbd7 4. Nc3 e5 5. e4 c6 6. Be2 Qc7 7. O-O Be7 8. Re1
h6 9. h3 Nf8 10. Be3 g5 11. c5 Ng6 12. cxd6 Bxd6 13. Rc1 g4 14. Nb5 Qe7 15.
Nxd6+ Qxd6 16. Nxe5 Nxe5 17. dxe5 Qxe5 18. Bd4 Qg5 19. Bxf6 Qxf6 20. e5 Qg5 21.
e6 f5 22. hxg4 fxg4 23. Bxg4 h5 24. Bh3 O-O 25. Re3 h4 26. Rc4 Qf6 27. Qg4+ 1-0

[Event "Jm KP I 23-24 Kurim A - Kurim B"]
[Site "Kurim"]
[Date "2023.10.22"]
[Round "6.8"]
[White "Hronek, Ondrej"]
[Black "Kosata, Jan"]
[Result "0-1"]
[WhiteElo "1556"]
[BlackElo "2010"]
[PlyCount "88"]

1. e4 c5 2. Nc3 Nc6 3. f4 g6 4. Nf3 Bg7 5. g3 e6 6. Bg2 Nge7 7. d3 O-O 8. O-O
d5 9. e5 a6 10. a4 Rb8 11. Ne2 b5 12. axb5 axb5 13. c3 Bd7 14. b3 Qc7 15. Be3
Na5 16. Qc2 Ra8 17. Ra2 c4 18. dxc4 bxc4 19. b4 Nb3 20. Nfd4 Nf5 21. Nxf5 gxf5
22. Nd4 Ba4 23. Rxa4 Rxa4 24. Nxb3 cxb3 25. Qxb3 Rfa8 26. Bd4 Ra3 27. Qc2 Bf8
28. Qd2 Qc4 29. Rd1 Ra2 30. Qe1 Re2 31. Qf1 Raa2 32. Bf3 Rxh2 33. Qxc4 dxc4 34.
b5 Rhb2 35. b6 Ra5 36. b7 Kg7 37. Bf2 Bc5 38. Bxc5 Rxc5 39. Rd8 Rcb5 40. Rc8
Ra5 41. Ra8 Rab5 42. Ra4 Rd2 43. Bg2 Rb1+ 44. Kh2 Rxb7 0-1

[Event "Jm KP I 23-24 Loko Brno A- Kurim B"]
[Site "?"]
[Date "2023.11.12"]
[Round "7.1"]
[White "Kratochvil, Josef"]
[Black "Dumkova, Daniela"]
[Result "1-0"]
[WhiteElo "2224"]
[BlackElo "1899"]
[PlyCount "109"]
[Source "Analyze This Ap"]

1. e4 c5 2. Nf3 d6 3. d4 cxd4 4. Nxd4 Nf6 5. Nc3 a6 6. Bg5 Nbd7 7. Bc4 Qc7 8.
Qe2 b5 9. Bb3 Bb7 10. O-O-O h6 11. Bh4 e5 12. Nf5 g6 13. Ne3 Be7 14. Bxf6 Nxf6
15. Ned5 Nxd5 16. Bxd5 O-O 17. Bxb7 Qxb7 18. h4 Rfd8 19. Nd5 Bf8 20. h5 Bg7 21.
Qg4 g5 22. Rh3 Ra7 23. Rhd3 a5 24. Ne3 Ra6 25. Nf5 Bf8 26. Rd5 f6 27. Ne3 Rb6
28. Qe6+ Qf7 29. Qxf7+ Kxf7 30. R1d3 Ke6 31. Rb3 Rdb8 32. a4 bxa4 33. Rxb6 Rxb6
34. Rxa5 Rb4 35. f3 Be7 36. c3 Rb8 37. Rxa4 Rg8 38. g4 Rb8 39. Ra7 Rd8 40. Nf5
Bf8 41. c4 Rd7 42. Rxd7 Kxd7 43. Kc2 Kc6 44. Kc3 Kb6 45. b4 Kc6 46. Kb3 Kb6 47.
Ka4 Ka6 48. Ne3 Be7 49. Nd5 Bd8 50. c5 dxc5 51. bxc5 Kb7 52. Kb5 Kb8 53. c6 Kc8
54. Kc5 Kb8 55. Kd6 1-0

[Event "Jm KP I 23-24 Loko Brno A- Kurim B"]
[Site "?"]
[Date "2023.11.12"]
[Round "7.2"]
[White "Bocek, Tadeas"]
[Black "Volak, Simon"]
[Result "1/2-1/2"]
[WhiteElo "1843"]
[BlackElo "2122"]
[PlyCount "22"]
[Source "Analyze This Ap"]

1. d4 Nf6 2. Nf3 e6 3. e3 b6 4. Bd3 Bb7 5. O-O d5 6. Nbd2 Nbd7 7. b3 Bd6 8. Bb2
c5 9. Ne5 Qc7 10. f4 a6 11. Qe1 Nf8 1/2-1/2

[Event "Jm KP I 23-24 Loko Brno A- Kurim B"]
[Site "?"]
[Date "2023.11.12"]
[Round "7.3"]
[White "Meduna, Eduard"]
[Black "Kudla, Vladimir"]
[Result "1-0"]
[WhiteElo "2115"]
[BlackElo "1871"]
[PlyCount "21"]
[Source "Analyze This Ap"]

1. e4 b6 2. d4 Bb7 3. Bd3 e6 4. Nf3 Nf6 5. Nbd2 d5 6. e5 Ne4 7. O-O Nxd2 8.
Bxd2 Ba6 9. Bxa6 Nxa6 10. c3 c5 11. Qa4+ 1-0

[Event "Jm KP I 23-24 Loko Brno A- Kurim B"]
[Site "?"]
[Date "2023.11.12"]
[Round "7.4"]
[White "Pesl, Jan"]
[Black "Cermak, Jan"]
[Result "0-1"]
[WhiteElo "1793"]
[BlackElo "2018"]
[PlyCount "94"]
[Source "Analyze This Ap"]

1. e4 e5 2. Nf3 Nf6 3. Nxe5 d6 4. Nf3 Nxe4 5. Nc3 Nxc3 6. dxc3 Be7 7. Bf4 O-O
8. Qd2 Nd7 9. O-O-O Nc5 10. Re1 a5 11. h4 Be6 12. Kb1 Rb8 13. Bd3 Nxd3 14. Qxd3
g6 15. Nd4 Bd7 16. h5 c5 17. Nb5 Bxb5 18. Qxb5 g5 19. Bh2 Qc7 20. g4 f5 21.
Qc4+ Rf7 22. f4 fxg4 23. fxg5 Bxg5 24. Qxg4 h6 25. Qe6 Rd8 26. Rd1 Qe7 27. Rxd6
Qxe6 28. Rxe6 Rf2 29. Rd6 Re8 30. Rb6 Rxh2 31. Rf1 Rhe2 32. a4 Re1+ 33. Rxe1
Rxe1+ 34. Ka2 Re7 35. Rb5 Rc7 36. Rxa5 Kf7 37. Rb5 Ke6 38. c4 Kf5 39. b4 Be7
40. Kb3 Kg4 41. c3 Kxh5 42. Rb6 Kg5 43. Re6 h5 44. Re2 h4 45. Rg2+ Kh5 46. a5
h3 47. Rg8 Bg5 0-1

[Event "Jm KP I 23-24 Loko Brno A- Kurim B"]
[Site "?"]
[Date "2023.11.12"]
[Round "7.5"]
[White "Straka, Vojtech"]
[Black "Zaporozhets, Petro"]
[Result "1-0"]
[WhiteElo "1986"]
[BlackElo "1405"]
[PlyCount "59"]
[Source "Analyze This Ap"]

1. c4 e6 2. Nc3 Nf6 3. g3 d5 4. cxd5 exd5 5. d4 Be7 6. Bg2 O-O 7. Qb3 c6 8. Nf3
Nbd7 9. O-O Kh8 10. Re1 Nb6 11. Ne5 Bd6 12. Bg5 h6 13. Bxf6 Qxf6 14. e4 Bxe5
15. dxe5 Qxe5 16. exd5 Qf6 17. dxc6 bxc6 18. Ne4 Qg6 19. Rad1 Bg4 20. Rd6 Be6
21. Qc3 Rfd8 22. Qxc6 Rxd6 23. Qxd6 Rc8 24. b3 Rc2 25. Qf8+ Kh7 26. Nd6 Nd7 27.
Qe7 Nc5 28. b4 Re2 29. Rxe2 Qb1+ 30. Bf1 1-0

[Event "Jm KP I 23-24 Loko Brno A- Kurim B"]
[Site "?"]
[Date "2023.11.12"]
[Round "7.6"]
[White "Nemec, Jakub"]
[Black "Wunsch, Radek"]
[Result "0-1"]
[WhiteElo "1740"]
[BlackElo "1949"]
[PlyCount "66"]
[Source "Analyze This Ap"]

1. e4 Nc6 2. Nf3 e5 3. d4 exd4 4. Nxd4 Nf6 5. Nc3 Bb4 6. Nxc6 bxc6 7. Bd3 d5 8.
O-O Bxc3 9. bxc3 dxe4 10. Re1 O-O 11. Bc4 Qxd1 12. Rxd1 Bg4 13. Re1 Rab8 14.
Ba3 Rfe8 15. Bc5 a5 16. Rab1 Nd5 17. Bd4 Nb6 18. Bf1 f5 19. f3 exf3 20. Rxe8+
Rxe8 21. Bxb6 cxb6 22. Rxb6 fxg2 23. Kxg2 Re3 24. Rxc6 Bf3+ 25. Kf2 Bxc6 26.
Kxe3 Kf7 27. Bd3 Kf6 28. Kf4 g5+ 29. Kg3 h5 30. Kf2 Ke5 31. Bc4 h4 32. a3 g4
33. Ke3 g3 0-1

[Event "JJm KP I 23-24 Loko Brno A- Kurim B"]
[Site "?"]
[Date "2023.11.12"]
[Round "7.7"]
[White "Zabloudil, Radek"]
[Black "Bauer, Miroslav"]
[Result "1-0"]
[WhiteElo "1919"]
[BlackElo "1709"]
[PlyCount "35"]
[Source "Analyze This Ap"]

1. e4 c5 2. Nc3 Nc6 3. g3 d6 4. Bg2 Nf6 5. d3 g6 6. f4 Bg7 7. Nf3 Bg4 8. h3
Bxf3 9. Qxf3 Qd7 10. O-O Nd4 11. Qf2 Rb8 12. e5 Ng8 13. Ne4 Nh6 14. c3 Nc6 15.
exd6 exd6 16. g4 O-O 17. f5 Ne5 18. Bxh6 1-0

[Event "Jm KP I 23-24 Loko Brno A- Kurim B"]
[Site "?"]
[Date "2023.11.12"]
[Round "7.8"]
[White "Cihal, Jan"]
[Black "Hruza, Dominik"]
[Result "1/2-1/2"]
[WhiteElo "1746"]
[BlackElo "1896"]
[PlyCount "35"]
[Source "Analyze This Ap"]

1. Nf3 d5 2. g3 Bg4 3. Bg2 Nd7 4. O-O e5 5. d3 Ngf6 6. Nbd2 Be7 7. c3 c6 8. Qc2
O-O 9. e4 dxe4 10. dxe4 Qc7 11. Nc4 Rad8 12. Ne3 Bh5 13. b4 b5 14. Nf5 Nb6 15.
Be3 Rfe8 16. Nxe7+ Qxe7 17. Bc5 Qc7 18. Bxb6 1/2-1/2

[Event "Jm KP I 23-24 Hodonin-Kurim A"]
[Site "Sportklub Hodonin"]
[Date "2023.11.12"]
[Round "8.1"]
[White "Pesak, Roman"]
[Black "Majer, Jiri"]
[Result "1/2-1/2"]
[WhiteElo "1906"]
[BlackElo "2203"]
[PlyCount "114"]
[Source "Analyze This Ap"]

{255MB} 1. e4 1... d6 2. d4 Nf6 3. Nc3 g6 4. h3 Bg7 5. Nf3 c6 6. Be2 O-O 7. O-O
Nbd7 8. Be3 Qc7 9. Qd2 Re8 10. Rfd1 e5 11. dxe5 dxe5 12. a3 Bf8 13. b4 a5 14.
Rab1 b5 15. Bd3 axb4 16. axb4 Nb6 17. Ne2 Be6 18. Bxb6 Qxb6 19. Ra1 Rxa1 20.
Rxa1 c5 21. bxc5 Bxc5 22. Ng3 Bc4 23. Ne1 Rd8 24. Rb1 b4 25. Qe2 Be6 26. Nf3
Bd4 27. Nxd4 Qxd4 28. Qf3 Kg7 29. Ne2 Qc5 30. Rc1 h5 31. Kh2 Qa5 32. Qe3 Qa3
33. Rb1 Qa5 34. Nc1 Nd7 35. Qe1 Rb8 36. Qe2 Rc8 37. Qd2 Rb8 38. Qe2 Qc5 39. Qd2
Qd4 40. Ne2 Qd6 41. f3 b3 42. Qc3 Nc5 43. Nc1 Rc8 44. Qb4 Rb8 45. Qc3 Nxd3 46.
Qxd3 Qxd3 47. Nxd3 Rd8 48. Nb4 Rb8 49. Nd3 Rd8 50. Ne1 bxc2 51. Nxc2 Rd2 52.
Ne3 Re2 53. Nf1 h4 54. Rc1 f5 55. exf5 Bxf5 56. Rc3 Kf6 57. Ne3 Be6 1/2-1/2

[Event "Jm KP I 23-24 Hodonin-Kurim A"]
[Site "Sportklub Hodonin"]
[Date "2023.11.12"]
[Round "8.2"]
[White "Nemec, David"]
[Black "Provaznik, Michal"]
[Result "1-0"]
[WhiteElo "2047"]
[BlackElo "2083"]
[PlyCount "59"]
[Source "Analyze This Ap"]

{255MB} 1. e4 1... c5 2. c3 d5 3. exd5 Qxd5 4. d4 e5 5. Be3 cxd4 6. cxd4 Nc6 7.
Nc3 Bb4 8. Nf3 Bg4 9. dxe5 Nge7 10. Be2 Qa5 11. O-O Rd8 12. Qb3 Be6 13. Bc4
Bxc4 14. Qxc4 Bxc3 15. bxc3 O-O 16. e6 Qd5 17. exf7+ Rxf7 18. Qxd5 Nxd5 19. Bd4
Rd6 20. Rfe1 h6 21. Ne5 Rf5 22. Rab1 Nxd4 23. cxd4 Nc3 24. Rxb7 Rxd4 25. Nc6
Rb5 26. Rxb5 Nxb5 27. Nxd4 Nxd4 28. Re4 Nc6 29. Rc4 Ne5 30. Ra4 1-0

[Event "Jm KP I 23-24 Hodonin-Kurim A"]
[Site "Sportklub Hodonin"]
[Date "2023.11.12"]
[Round "8.3"]
[White "Kladnak, Martin"]
[Black "Pavlik, Vladimir"]
[Result "1-0"]
[WhiteElo "2013"]
[BlackElo "1971"]
[PlyCount "57"]
[Source "Analyze This Ap"]

{255MB} 1. e4 1... c5 2. Nc3 Nc6 3. Bb5 g6 4. Bxc6 dxc6 5. f4 Bg7 6. Nf3 Nf6 7.
d3 O-O 8. O-O e6 9. Qe1 b5 10. e5 Nd7 11. Ne4 Qe7 12. Be3 Rd8 13. Qc3 c4 14.
dxc4 b4 15. Qe1 c5 16. Rd1 Bb7 17. Nd6 Bxf3 18. Rxf3 Bxe5 19. Nxf7 Kxf7 20.
fxe5+ Kg7 21. Bf2 Rf8 22. Rfd3 Nb6 23. b3 Rf7 24. Qd2 Raf8 25. Be3 Re8 26. Bg5
Qc7 27. Bh6+ Kg8 28. Rd8 Qe7 29. Qg5 1-0

[Event "Jm KP I 23-24 Hodonin-Kurim A"]
[Site "Sportklub Hodonin"]
[Date "2023.11.12"]
[Round "8.4"]
[White "Parak, Dominik"]
[Black "Travnicek, Petr"]
[Result "0-1"]
[WhiteElo "2035"]
[BlackElo "2064"]
[PlyCount "80"]
[Source "Analyze This Ap"]

{255MB} 1. e4 1... c5 2. Nf3 Nc6 3. d4 cxd4 4. Nxd4 Nf6 5. Nc3 e5 6. Ndb5 d6 7.
Bg5 a6 8. Na3 b5 9. Bxf6 gxf6 10. Nd5 Bg7 11. c3 O-O 12. Qd3 f5 13. exf5 e4 14.
Qd2 Bxf5 15. Nc2 Bd7 16. Be2 f5 17. Nf4 Qe7 18. Ne3 Be5 19. Ned5 Qd8 20. Qe3
Ne7 21. Rd1 Nxd5 22. Nxd5 Kh8 23. f4 exf3 24. Qxf3 Bc6 25. Qh3 Ra7 26. O-O Qa8
27. Bf3 Rg7 28. Ne3 Bxf3 29. Qxf3 Qa7 30. Kh1 Rg5 31. Nd5 Qg7 32. Rd3 Qh6 33.
Nf4 Rfg8 34. Rf2 Rg3 35. Qxg3 Rxg3 36. Rxg3 Bxf4 37. Rh3 Qg5 38. Rhf3 Be5 39.
Rxf5 Qc1+ 40. Rf1 Qxb2 0-1

[Event "Jm KP I 23-24 Hodonin-Kurim A"]
[Site "Sportklub Hodonin"]
[Date "2023.11.12"]
[Round "8.5"]
[White "Skocik, Marek"]
[Black "Petricek, Lukas"]
[Result "0-1"]
[WhiteElo "1914"]
[BlackElo "2049"]
[PlyCount "92"]
[Source "Analyze This Ap"]

{255MB} 1. d4 1... Nf6 2. Bf4 d5 3. e3 e6 4. Nd2 Bd6 5. Bg3 O-O 6. Ngf3 b6 7.
c3 Bb7 8. Bd3 Qe7 9. Ne5 Nbd7 10. f4 Ne4 11. O-O Nxg3 12. hxg3 g6 13. Qg4 f5
14. Qh3 Bxe5 15. fxe5 h5 16. Qh4 Rfe8 17. Nf3 Kg7 18. Kf2 a6 19. Ng5 Kh6 20.
Nf3 g5 21. Qh2 Rh8 22. Rh1 Kg6 23. Ke2 c5 24. Raf1 Bc6 25. Qh3 Bb5 26. Bxb5
axb5 27. a3 g4 28. Nh4+ Kg7 29. Qh2 Qg5 30. Qg1 Rhc8 31. Ra1 Nb8 32. Qf2 Nc6
33. Rhc1 Na5 34. Rc2 Nb3 35. Ra2 cxd4 36. exd4 Nc1+ 37. Rxc1 Qxc1 38. Qe3 Qxe3+
39. Kxe3 b4 40. Kd3 bxc3 41. bxc3 b5 42. Rb2 Rxa3 43. Rxb5 Raxc3+ 44. Kd2 Rxg3
45. Rb7+ Kh6 46. Rb6 Kg5 0-1